000 00425nam a2200157Ia 4500
001 56777
008 130710n ii |||gr||||Z||||||465
082 _a891.4108
100 _aPathak, Ramesh,
_eEditor.,
245 0 _aSahitya Saurabh :
_bFor H.S.2nd Year /
_cRamesh Pathak .
_hTextual Documents
250 _aIst ed-2011.
260 _aAssam
_bN.L. Publications
300 _a133p:
_c22cm.
653 _aG-As
942 _2ddc
_cBK
999 _c56699
_d56699